| 000 | 00472nam a2200181Ia 4500 | ||
|---|---|---|---|
| 005 | 20240605064814.0 | ||
| 008 | 240331s9999 xx 000 0 und d | ||
| 020 | _a955552016x | ||
| 082 |
_bPON _a346 |
||
| 100 | _aPonnambalam, Shirani | ||
| 245 | 0 | _aLaw and the marriage relationship in Sri Lanka | |
| 250 | _a2 nd | ||
| 260 |
_aColombo _bLake House Investments Ltd _c1987 |
||
| 300 | _axv, 482 p ., | ||
| 650 | _aLaw | ||
| 650 | _amarriage Relationship | ||
| 942 | _cL | ||
| 999 |
_c2831 _d2831 |
||